Logo BPK

Biblioteka

Politechniki Koszalińskiej

Urządzenia magneto/hydrodynamiczne w odlewniach i hutach / (Rekord nr 18863)

Szczegóły MARC
000 -ETYKIETA REKORDU
podpole kontrolne o stałej długości 00528nam a2200181 i 4500
001 - NUMER KONTROLNY REKORDU
pole kontrolne bg
040 ## - ŹRÓDŁO KATALOGOWANIA
Instytucja, która utworzyła rekord BPK
041 ## - KOD JĘZYKA
Kod języka tekstu pol
080 ## - UNIWERSALNA KLASYFIKACJA DZIESIĘTNA - UKD
UKD 621.74:669.1
008 - POLE O STAŁEJ DŁUGOŚCI - DANE KONTROLNE
podpole kontrolne o stałej długości s pl f |000 0 pol
100 1# - NAZWA OSOBOWA
Nazwa osobowa FIKUS, Franciszek
245 #0 - TYTUŁ/ODPOWIEDZIALNOŚĆ
Tytuł Urządzenia magneto/hydrodynamiczne w odlewniach i hutach /
Pozostałe elementy strefy tytułu i oznaczenia odpowiedzialności ranciszek Fikus, Tadeusz Wieczorek.
260 ## - STREFA ADRESU WYDAWNICZEGO
Miejsce wydania Katowice :
Nazwa wydawcy/dystrybutora "Śląsk",
Data publikacji, dystrybucji/powstania dokumentu 1979.
300 ## - STREFA OPISU FIZYCZNEGO
Objętość 157, [3] s. :
Inne cechy fizyczne ilustr., rys., tab.
504 ## - UWAGA DOTYCZĄCA BIBLIOGRAFII
Informacje o bibliografii Bibliogr. s. 157-158.
700 1# - HASŁO DODATKOWE - NAZWA OSOBOWA
Nazwa osobowa WIECZOREK, Tadeusz
856 ## - LOKALIZACJA I DOSTĘP DO ELEKTRONICZNYCH DOKUMENTÓW ZDALNYCH
Link (URL) http://koha.tu.koszalin.pl/cgi-bin/koha/opac-detail.pl?biblionumber=18863
Tekst linku Katalog online BPK
942 ## - DODATKOWE ELEMENTY (KOHA)
Typ dokumentu Książka
Egzemplarze
Wycofany Status egzemplarza Uszkodzony Dostępność Lokalizacja stała Lokalizacja bieżąca Miejsce przechowywania Sygnatura Kod kreskowy Typ dokumentu
      Dostępny Biblioteka Politechniki Koszalińskiej Biblioteka Politechniki Koszalińskiej Wypożyczalnia BG 26413 01650464 Książka
      Dostępny Biblioteka Politechniki Koszalińskiej Biblioteka Politechniki Koszalińskiej Wypożyczalnia BG 26414 02134901 Książka
© 2023 Biblioteka Politechniki Koszalińskiej :: KOHA